000 00977nas a2200313 4500
001 BR7804174
003 BR-BrBNA
005 20231205083508.0
007 ta
008 230509b bl.|||p| |||| 00| 00por d
040 _aBR-BrBNA
_bpor
_cBiblioteca Nacional de Agricultura
041 _a(Pt)
072 _aF30; H20; A50
100 1 _aChaves, G.M.
245 1 _aO catimor [Cruzamento vegetal; Cafe caturra; Cafe timor; Ferrugem; Variedade resistente; Coffea arabica]
650 _aMelhoramento genetico animal
650 _aDoenca de planta
650 _aPesquisa
650 _aCafe
650 _aCruzamento vegetal
650 _aVariedade resistente
650 _aCafe caturra
650 _aHibrido
650 _aCafe timor
650 _aFerrugem
773 0 _tInforme Agropecuario - Empresa de Pesquisa Agropecuaria de Minas Gerais (Brazil)
_x
_g(Feb 1978), v. 4(38) p. 24-29
_wBR7804174
909 _a202311
_bLúcia
_c55
_dLúcia Elande
942 _2AGRIS
_n0
_cANA
999 _c99195
_d99195